Movies Quiz

Random Movies or Oscar Quiz
Score 0/48 Timer 10:00
1 Play Today
Category Nominee % Correct
Best Original Screenplay
(Film name)
The King's Speech (David Seidler)
83.4%
Best PictureThe King's Speech
83.4%
Best ActressNatalie Portman (Black Swan)
80.2%
Best ActorColin Firth (The King’s Speech)
78.8%
Best Animated FeatureToy Story 3
77.5%
Best Adapted Screenplay
(Film name)
Toy Story 3 (Michael Arndt)
77.5%
Best PictureToy Story 3
77.5%
Best PictureBlack Swan
74.6%
Best Supporting ActorChristian Bale (The Fighter)
73.6%
Best Adapted Screenplay
(Film name)
The Social Network (Aaron Sorkin)
68.9%
Best PictureThe Social Network
68.9%
Best Original Screenplay
(Film name)
The Fighter (Scott Silver, Paul Tamasy, Eric Johnson)
67.7%
Best PictureThe Fighter
67.7%
Best Adapted Screenplay
(Film name)
True Grit (Joel and Ethan Coen)
64.2%
Best PictureTrue Grit
64.2%
Best Original Screenplay
(Film name)
Inception (Christopher Nolan)
62.2%
Best PictureInception
62.2%
Best ActorJeff Bridges (True Grit)
57.4%
Best Supporting ActressAmy Adams (The Fighter)
56.2%
Best Supporting ActressMelissa Leo (The Fighter)
54.5%
Best ActorJames Franco (127 Hours)
53.7%
Best Adapted Screenplay
(Film name)
127 Hours (Simon Beaufoy, Danny Boyle)
53.4%
Best Picture127 Hours
53.4%
Best ActorJesse Eisenberg (The Social Network)
53%
Category Nominee % Correct
Best Supporting ActorGeoffrey Rush (The King’s Speech)
52.5%
Best Supporting ActressHelena Bonham Carter (The King’s Speech)
51.7%
Best Adapted Screenplay
(Film name)
Winter's Bone (Debra Granik, Anne Rosselini)
49.5%
Best PictureWinter's Bone
49.5%
Best Original Screenplay
(Film name)
The Kids Are All Right (Lisa Cholodenko, Stuart Blumberg)
46.1%
Best PictureThe Kids Are All Right
46.1%
Best DirectorJoel & Ethan Coen (True Grit)
44.2%
Best ActressAnnette Bening (The Kids Are All Right)
44.1%
Best DirectorDavid Fincher (The Social Network)
39.9%
Best Animated FeatureHow To Train Your Dragon
37.9%
Best ActressNicole Kidman (Rabbit Hole)
35.6%
Best ActressJennifer Lawrence (Winter’s Bone)
35.3%
Best DirectorDarren Aronofsky (Black Swan)
35.1%
Best Supporting ActressHailee Steinfeld (True Grit)
35.1%
Best DirectorTom Hooper (The King’s Speech)
34%
Best Supporting ActorMark Ruffalo (The Kids Are All Right)
32.7%
Best ActressMichelle Williams (Blue Valentine)
30.9%
Best ActorJavier Bardem (Biutiful)
30%
Best DirectorDavid O. Russell (The Fighter)
25.3%
Best Animated FeatureThe Illusionist
24.7%
Best Supporting ActorJeremy Renner (The Town)
22.7%
Best Supporting ActorJohn Hawkes (Winter’s Bone)
20.2%
Best Supporting ActressJacki Weaver (Animal Kingdom)
17.8%
Best Original Screenplay
(Film name)
Another Year (Mike Leigh)
13%
Remove Ads.
Support Sporcle.
Get the best of Sporcle when you Go Orange. This ad-free experience offers more features, more stats, and more fun while also helping to support Sporcle. Thank you for becoming a member.

You're not logged in!

Compare scores with friends on all Sporcle quizzes.
OR
Log In

Show Comments

Extras

Top Quizzes Today


Score Distribution

Your Account Isn't Verified!

In order to create a playlist on Sporcle, you need to verify the email address you used during registration. Go to your Sporcle Settings to finish the process.

Report this User

Report this user for behavior that violates our Community Guidelines.

Details: